000 01458cam a2200181 4500500
005 20260222004202.0
041 _afre
042 _adc
100 1 0 _aCalvi, Richard
_eauthor
700 1 0 _aBlanco, Éric
_eauthor
700 1 0 _aKoike, Tetsu
_eauthor
245 0 0 _aCoopérer en conception pour améliorer les supply chains de demain
260 _c2005.
500 _a43
520 _aLa différenciation fondée sur la réduction des délais de création de l’offre et de service au client est l’une des armes concurrentielles les plus répandues dans les organisations industrielles. Néanmoins, on constate que ces aspects sont traditionnellement abordés de manière séparée dans la mise en œuvre des stratégies. De fait, la logistique opérationnelle se heurte souvent aux contraintes imposées par une conception inadaptée des produits. Cet article présente l’idée qu’une voie essentielle d’amélioration de l’efficacité des supply chains passe par la mise en place de deux mécanismes. L’un concerne la prise en compte des aspects logistiques lors des phases amont du développement. Le second, l’intégration des fournisseurs dans une logique de co-développement pour réduire le processus de création de l’offre.
786 0 _nRevue française de gestion | 156 | 3 | 2005-06-01 | p. 187-202 | 0338-4551
856 4 1 _uhttps://shs.cairn.info/revue-francaise-de-gestion-2005-3-page-187?lang=fr&redirect-ssocas=7080
999 _c1668131
_d1668131